00321nam a2200133Ia 45000030006000000080041000060400015000471000027000622450025000892600040001143000006001545460010001600050017001700STCL150530s9999 xx 000 0 und d aSTCLcSTCL aBhagavati Charan Verma aHindi Gadhya Sangrha bMacmillan India; Delhic1957aDelhi a0 aHindi20220125171311.0